00612 2200217 4500001002100000005001500021035002000036007000300056008004100059020002200100082000800122084001400130100002100144245009900165250001000264260003100274300003300305650001900338504002800357990000900385INLIS00000000000138720180131101534 a0010-0118000205ta180131 f 0 ind  a978-602-8074-59-9 a297 a297 HUD k0 aHUDZAIFAH,Ismail1 aKerajaan Al-Quran :bMenyelami Kekuasaan Allah Ta'ala melalui ayat-ayatnya /cHudzaifah Ismail acet 3 ajakarta :bAlmahira,c2013 axxii,285hlm :bilus ;c28 cm aIslam Al-Quran aBibliografi,hal 283-285 a3693